| 000 | 00727nam a22002057a 4500 | ||
|---|---|---|---|
| 003 | NUST | ||
| 005 | 20221128120243.0 | ||
| 008 | 190704b ||||| |||| 00| 0 eng d | ||
| 038 | _aAttaullah. | ||
| 082 | _a624.1 | ||
| 100 |
_aBakhtawar, Beenish _916735 |
||
| 245 |
_aincorporation of sustainability Considerations in PPP Projects ; An Exploratory study of Risk / _cBeenish Bakhtawar. |
||
| 260 |
_aIslamabad : _bNIT - SCEE - NUST, _c2018. |
||
| 300 |
_axi, 64 p. : ill. ; _c30cm. |
||
| 500 | _aHard Cover. | ||
| 650 |
_aConstruction Engineering & Management - MS Thesis. _916077 |
||
| 700 |
_aDr. Muhammad Jamaluddin Thaheem. _916295 |
||
| 856 | _uhttp://10.250.8.41:8080/xmlui/handle/123456789/3871 | ||
| 942 |
_2ddc _cTHE |
||
| 999 |
_c525793 _d525793 |
||